| 000 | 00760nam a22001937a 4500 | ||
|---|---|---|---|
| 999 |
_c72652 _d72652 |
||
| 005 | 20230802104357.0 | ||
| 010 | _aHIN-97948 HIN-125530 | ||
| 020 |
_c600.00 _a9789381566640 |
||
| 035 | _aHN-70294 HN-97875 | ||
| 037 | _bDBAD / PUB | ||
| 082 | _aउ | ||
| 100 | _aवर्मा,शुभा | ||
| 245 |
_aरिश्तों की सुनामी / _cशुभा वर्मा |
||
| 260 |
_aदिल्ली _bसाहित्य सरोवर _c2017 |
||
| 270 |
_bदिल्ली _a1/11052-ए,सुभाष पार्क, शहादरा _e110032 |
||
| 300 | 1 |
_a272पृ. _c21सेमी (सजिल्द) |
|
| 650 | _aहिन्दी कथा साहित्य | ||
| 942 |
_2ddc _cHN _mवर्माशु _hउ |
||